00859nam a22002057a 4500999001700000003000900017008004100026040007100067082002100138100003000159245003500189260003700224300002700261505018200288650003400470650001400504942001500518945002000533952010000553 c13055d13055AR-CdUCM190411b ||||| |||| 00| 0 spa d aMUNICIPALIDAD PROVINCIAL DEL CUSCOcBIBLIOTECA MUNICIPAL DEL CUSCO aC / 377.5 /bT33 aTejada Rondón, Hernán aFinalidad educativa del arte / aCuzco : bLa Económica,c1942. a69 páginas ;c19 cm. aContenido: Donde esta la génesis del arte -- Significación social del arte -- Condiciones sociales en que surge la tendencia del arte por el arte -- El arte y la belleza ... aEducación artística93589 aArte9561 2ddccTESIS aacvd2019-04-11 002ddc4070aSCAbSCAcCARTd2019-04-11g50.00oC / 377.5 / T33pSCA0002523r2019-04-11yTESIS